MDQL
is popping MORE tags! Check the
thread
!
Quizzes
Events
Quiz Creation
Community
Videos
Private Events
Remove Ads
Sign In
Join for FREE
Feedback
Dark Mode
Quiz Categories
Sports
Geography
Music
Movies
Television
Just For Fun
Miscellaneous
History
Literature
Language
Science
Gaming
Entertainment
Religion
Holiday
For Kids
Quiz Lab
Recent
Popular Today
Quiz Kudos Today
Editor Picks
Curator Picks
Quizzes by...
Day
Popularity
Type
Ratings
Length
Year
Community
Subscriptions
Recent Discussions
Orange Saloon
Badges
Playlists
Quests
Create
Leaderboards
Showdown
Live 5
Trivia Bingo
Activity
Puzzle Library
Sporcle Events
Private Events
Virtual Trivia
Globe League
Become a Host
Pub Owners
SporcleCon
Opinionation
Our Games
Videos
Blog
Mobile Apps
Partnerships
Remove Ads and Go Orange
Feedback
History
US Presidents
World Leaders
Politics
Nation
Discovery
War
Decade
Year
Century
Biography
Art
History
US Presidents
World Leaders
Politics
Nation
Discovery
War
Decade
Year
Century
Biography
Art
Random Quiz
Search Sporcle
×
Quiz Lab
Quiz Lab
History
April
Type in answers that appear in a list
Type in answers that appear in a list
Classic
Best Score? Go Orange.
April 15th Quiz Stats
Can you name the April 15th Quiz?
By
LaLaLovely
10m
12 Questions
31 Plays
31 Plays
31 Plays
Comments
Comments
Give Quiz Kudos
Give Quiz Kudos
-
- Ratings
hide this ad
Replay
Link that replays current quiz
Next Quiz
Link to next quiz in quiz playlist
You Got
0%
They Got
Avg Score
38%
Avg Friend Score
Upgrade to see
Score Distribution
Jump to the score distribution portion of the page
Score
0/12
Timer
10:00
0
Plays Today
Clue
Person or Event
% Correct
This Famous Ship Struck An Ice Burg And Sank Killing Thousands
The Titanic
96.8%
This Famous Mona Lisa Painter Was Born
Leonardo Da Vinci
87.1%
It Is The Day The IRS Must Be Payed
Tax Day
74.2%
This Man Breaks Baseball's Race Barrier
Jackie Robinson
51.6%
This Harry Potter Leading Lady Is Born
Emma Watson
48.4%
This Knocked Up and Pineapple Express Actor Was Born
Seth Rogen
45.2%
This Cambodian Dictator Whose Name Sounds Like Something You Could Cook Soup In Dies
Pol Pot
29%
This Actress Who Played Nanny McPhee and Professor Trelawney Was Born
Emma Thompson
16.1%
This Anna Karenina Portrayer Dies
Greta Garbo
9.7%
This British Rocker Who Remembered Rock and Roll Radio Dies
Joey Ramone
6.5%
This President Dies After Being Shot By John Wilkes Booth
Abarham Lincoln
0%
This Female Olympic Swimmer Who's Last Name Sounds Like Torid Was Born
Dana Torres
0%
Quiz Playlist
Details
Report
Send in Message
Add To Playlist
Classic:
Type in answers that appear in a list
Last Updated: Feb 16, 2017
Quiz Scoreboard
CHALLENGE
Sign Up to Join the Scoreboard
Show All
Scores
Hide
Comments
May contain spoilers
Recently Published
Image Sorting: Flags VI
by Barbecue
Geography
2m
Find the 'City' Movie
by crazypaving
Movies
60s
Colored Red Africa Blitz
by spor1
Geography
45s
More to Explore
Quiz From the Vault
Featured Blog Post
14 Easter Pick-up Lines to Find Eggs With
hide this ad
You Might Also Like...
Tags
April
Event
Person
Today's Top Quizzes in History
Browse History
hide this ad
Today's Top Quizzes in April
Browse April
Top Contributed Quizzes in History
1
I Am Born On March 29th
2
Order Up: 1000 Years of World Events I
3
US National Parks Named After People
4
Popular People in 1951
5
Popular People in 1991
6
Popular People in 1941
7
Popular People in 1986
8
Popular People in 1981
9
Popular People in 1921
10
Popular People in 1976
Explore More
Trending Topics
NBA
Marvel
Harry Potter
Crossword
Kpop
Disney
Anime
WWE
Puzzle
NFL
Song
The Office
Country
Soccer
Pokémon
hide this ad
More By:
LaLaLovely
Quiz
Plays
Rating
Category
Featured
Created
Greek And Roman Gods
1,951
1.67
History
Jul 29, 2011
Twilight Chain
1,391
2.00
Literature
Jul 29, 2011
Harry Potter Chain
727
1.30
Literature
Jul 28, 2011
Finish The Sarah Dessen Novel
216
Literature
Jul 30, 2011
Finish The Musical
203
1.43
Entertainment
Jul 28, 2011
Go to Creator's Profile
Score Distribution
Quiz Creator Spotlight
LaLaLovely
Follow
Send a Message
Quizzes Created
-
Created Quiz Play Count
-
More By This Creator
Popular Quizzes Today
1
Colored Red Africa Blitz
2
Find the US States - No Outlines Minefield
3
Find the 'City' Movie
4
5x2 Blitz: Bands
5
The Countries of the World
6
Find the US States
7
Find the Countries of Europe - No Outlines Minefield
8
US States
More History Quizzes
Anyone but John Adams
Quiz Lab
Trending Quizzes
Colored Red Europe Blitz I
Colored Red Europe Blitz II
Colored Red Africa Blitz II
Colored Red Europe Blitz III
Colored Red Africa Blitz III
Recently Updated
How Do You Spell That?
pecheneg
Godzilla Movies
pecheneg
Grab Bag: 4-10 Letters
pecheneg
2024 March Madness Bracket
pecheneg
Famous TV Couples
Peacemaker
Champions League XIs: Real Madrid
pecheneg
Largest US Cities 1790-2010
pecheneg
Rides in Walt Disney World
pecheneg
Most Oscar Losses (Acting)
pecheneg
Beyoncé Albums
pecheneg
Trending Topics
Anime
Marvel
Disney
Kpop
Harry Potter
Crossword
NBA
Puzzle
Song
Soccer
Country
NFL
The Office
WWE
Pokémon
Your Account Isn't Verified!
In order to create a playlist on Sporcle, you need to verify the email address you used during registration. Go to your
Sporcle Settings
to finish the process.
Report this User
Report this user for behavior that violates our
Community Guidelines
.
Details:
Send Report
Go to the Sporcle.com Mobile Site →
Comments